| 000 | 00531nam a22001697a 4500 | ||
|---|---|---|---|
| 082 |
_a620.112 _bSAL _cD |
||
| 100 | _aSalmon, E.H | ||
| 245 |
_aMaterials and structures (Vol I) _cSalmon, E.H |
||
| 260 |
_aLondon _bLongmans, Green and Co. _c1931 |
||
| 300 |
_aviii, 629 p. : _bill, ; _c22 cm. |
||
| 526 |
_a0 _b0 _c0 _d620_112000000000000_SAL |
||
| 526 |
_a0 _b0 _c0 _d620_112000000000000_SAL |
||
| 526 |
_a0 _b0 _c0 _d620_112000000000000_SAL |
||
| 526 |
_a0 _b0 _c0 _d620_112000000000000_SAL |
||
| 650 |
_aD (MCE) _940349 |
||
| 942 |
_2ddc _cBK |
||
| 999 |
_c545060 _d545060 |
||